Statistics for Common Knowledge #4

Click here to take the quiz!

General Stats

  • This quiz has been taken 3,235 times
    (2,285 since last reset)
  • The average score is 16 of 20

Answer Stats

HintAnswer% Correct
What is the most common letter in the English alphabet?E
98%
Which two countries share the longest international border?United States
96%
How many zodiac signs are there?12
94%
Oktoberfest in Germany is celebrated with what drink?Beer
94%
The Statue of Liberty was given to the US by which country?France
92%
Which boxer was known as “The Greatest” and “The People’s Champion”?Muhammad Ali
91%
Which planet has the most moons?Saturn
90%
In a website browser address bar, what does “www” stand for?World Wide Web
90%
Water has a pH level of around?7
89%
What is the only continent with land in all four hemispheres?Africa
87%
Which two countries share the longest international border?Canada
87%
What animals are pearls found in?Oyster
87%
What is the most common surname in the U.S.?Smith
82%
Which chess piece can only move diagonally?Bishop
80%
Which body part is said to be fully-grown from birth?Eye
74%
What is the world’s biggest non-continental island?Greenland
66%
In the United Kingdom, what is the day after Christmas known as?Boxing Day
62%
What is a community of ants called?Colony
60%
Who was the Greek messenger of the gods?Hermes
56%
The first successful vaccine was introduced in 1796, which fought which disease?Smallpox
53%

Score Distribution

Percentile by Number Answered

Percent of People with Each Score

Your Score History

You have not taken this quiz since the last reset